Welcome to University of Cape Coast Library, Online Public Access Catalogue (OPAC)

Normal view MARC view

Entry Corporate Name

Number of records used in: 2

001 - CONTROL NUMBER

  • control field: 22959

003 - CONTROL NUMBER IDENTIFIER

  • control field: OSt

005 - DATE AND TIME OF LATEST TRANSACTION

  • control field: 20230608111104.0

008 - FIXED-LENGTH DATA ELEMENTS

  • fixed length control field: 230608|| aca||aabn | a|a d

040 ## - CATALOGING SOURCE

  • Original cataloging agency: OSt
  • Transcribing agency: OSt

110 ## - HEADING--CORPORATE NAME

  • Corporate name or jurisdiction name as entry element: Smithsonian Institution.
  • Subordinate unit: Office of Academic Programs

670 ## - SOURCE DATA FOUND

  • Source citation: Work cat.: (OSt)0: Opportunities for research and advanced study.
Koha©2022 UCC.All Right Reserved.Site Developed by Sam Jonah Library IT Team
<Home | Contact | Library publications |Research Tools | Research Guides |https://ucclivechat.library-gh.net/index.php/chat

If you have questions or concern please contact the Library.



PMB, University of Cape Coast

KOHA HOME